|
|
|
|
| LEADER |
00767cam a2200217 7i4500 |
| 001 |
0000043498 |
| 005 |
20171109090000.0 |
| 020 |
|
|
|a 9780198067672 (pbk.)
|
| 020 |
|
|
|a 0198067674 (pbk.)
|
| 090 |
0 |
0 |
|a TK146
|b .S28 2010
|
| 100 |
1 |
|
|a Satpathy, Prasanta Kumar
|
| 245 |
1 |
0 |
|a Basic electrical engineering
|c Prasanta Kumar Satpathy.
|
| 250 |
|
|
|a 2nd ed.
|
| 260 |
|
|
|a New Delhi:
|b Oxford University Press,
|c 2010.
|
| 300 |
|
|
|a xiii, 418 p.:
|b ill.;
|c 24 cm.
|
| 650 |
0 |
0 |
|a Electrical engineering
|
| 650 |
0 |
0 |
|a Electric engineering
|
| 997 |
|
|
|a Engineering & Life Sciences, Faculty
|b Engineering, Department
|
| 998 |
|
|
|a Electrical & Electronic Engineering, Diploma
|
| 998 |
|
|
|a Electronics Engineering, Degree
|
| 999 |
|
|
|a 0000054895
|b BOK
|c OPEN SHELF
|e 2nd Floor, Bestari Jaya
|